000 00826nam a2200217Ii 4500
003 JO-AjNU
008 230605s9999||||xx |||||||||||||| ||und||
017 _a1998/10/1784
040 _aJO-AjNU
_bara
_erda
_cJO-AjNU
041 _aara
050 1 4 _aBP144.R53 2011
100 3 _aإعداد: الرفاعي،محمود توفيق العواطلي ، محمد ياسين مصطفى الريماوي,
_eauthor
_933600
245 0 0 _aالبسيط في شرح الفرائض والمواريث الإسلامية
250 _aط3
264 3 1 _aعمان: كلية الدعوة واصول الدين، 2011
300 _a184ص
_bيشتمل على ببلوغرافيا (ص1-42)
336 _atext
_btxt
_2rdacontent
337 _aunmediated
_bn
_2rdamedia
338 _avolume
_bnc
_2rdacarrier
650 4 _aالميراث
_933601
999 _aA13693
_c17261
_d17261